Massachusetts Counties on a Map - Statistics

General Stats
  • This quiz has been taken 11 times
  • The average score is 10 of 14
Answer Stats
Hint Answer % Correct
County Plymouth
90%
County Barnstable
80%
County Dukes
80%
County Essex
80%
County Middlesex
80%
County Suffolk
80%
County Berkshire
70%
County Franklin
70%
County Hampshire
70%
County Nantucket
70%
County Norfolk
70%
County Worcester
70%
County Bristol
60%
County Hampden
50%
No matching quizzes found
Score Distribution
Percent of People with Each Score
Percentile by Number Answered
Your Score History
You have not taken this quiz